00711nam a2200205 i 4500001001100000003000500011005001700016008004100033040002500074082001600099110003000115245006700145264005800212300002400270336002100294337002500315338002300340650010000363710004200463C2-0254720PPAK20180727222446.0040516s1984 my |||| ||||| | may d aPPAKbengcPPAKerda04a378.5952232 aUniversiti Sains Malaysia00aLaporan jawatankuasa bagi Pusat Teknologi Pendidikan dan Media 1aPulau Pinang : bUniversiti Sains Malaysia , c[1984] a109 pages ; c29 cm 2rdacontentatext 2rdamediaaunmediated 2rdacarrieravolume10aUniversities and colleges - Periodicals - Malaysia ; Education, Higher - Periodicals - Malaysia2 aUniversiti Sains Malaysia eorganizer